| 000 | 00497nam a2200193Ia 4500 | ||
|---|---|---|---|
| 003 | OSt | ||
| 005 | 20250516151638.0 | ||
| 008 | 210210b1980 xxu||||| |||| 00| 0 eng d | ||
| 040 | _cAL | ||
| 041 | _aKannada | ||
| 082 | _a370.114K MONS | ||
| 100 |
_aMONTEIRO (S). _9150761 _dಮೊಂತೇರೊ (ಎಸ್) |
||
| 245 |
_aSadachara. _b ಸದಾಚಾರ |
||
| 260 |
_aMangaluru. _bPrakashalaya., _c1980 |
||
| 300 | _a66 | ||
| 690 |
_aEducation _9150762 |
||
| 906 | _a034650 | ||
| 942 |
_2ddc _cBK |
||
| 999 |
_c85296 _d85296 |
||